000 00337 a2200133 4500
000 nam a22 7a 4500
100 _aReddy, S.M.
110 _aReddy, S.M.
245 _aPerspectives in Biotechnology
250 _aLatest edition
260 _bScientific Publishers
_c2025
264 _bScientific Publishers
_c2025
942 _cBK
999 _c395198
_d395198